00760nam a22002057a 450000500170000001000150001702000260003203500140005803700090007208200060008110000310008724500500011825000060016826000480017427001210022230000210034394200200036499900190038495201510040320260514104334.0 aENG-148477 a9789395481724c300.00 aEN-132009 bDBAD aN aNagda, Aparna Salvi989079 aThe Labyrinth of Silence/cAparna Salvi Nagda a1 bVishwakarma Publicationsc2024aMaharashtra a34A/1, Suyog Center, 7th floor, Gultekedi Marketyard Road, Giridhar Bhavan Chowk, e411037bPuneminfo@vpindia.co.in a202p.c21cm (pb) 2ddccENhNmNAG c216151d216151 001040708FICaKGMbKGMd2026-05-14eDelivery of Books Act Divisiong300.00l0oN NAGpEN-132009r2026-05-14 10:43:55t1v300.00w2026-05-14yEN